| 000 | 00364nam a2200145Ia 4500 | ||
|---|---|---|---|
| 008 | 230312s9999||||xx |||||||||||||| ||und|| | ||
| 020 | _a1-892127-19-9 | ||
| 082 |
_a745.593 _bAMI-G |
||
| 100 | _aAmidei;Jodi | ||
| 245 | 0 | _aGetting the Most from Your Scrapbook | |
| 260 |
_bMemory _aUK _c2003 |
||
| 300 | _a96 | ||
| 650 |
_aArchitecture _vArchitecture |
||
| 942 | _cBK | ||
| 999 |
_c12128 _d12128 |
||